War and peace / (Record no. 151700)

MARC details
000 -LEADER
fixed length control field 00536nam a22001937a 4500
005 - DATE AND TIME OF LATEST TRANSACTION
control field 20180423172003.0
010 ## - LCCN (DPL NO)
LC control number ENG-122654
020 ## - INTERNATIONAL STANDARD BOOK NUMBER
Terms of availability 395.00
International Standard Book Number 9788175992832
035 ## - SYSTEM CONTROL NUMBER
System control number EN-106186
037 ## - SOURCE OF ACQUISITION
Source of stock number/acquisition DBAD/PUB
082 ## - DEWEY DECIMAL CLASSIFICATION NUMBER
Classification number N
100 ## - MAIN ENTRY--PERSONAL NAME
Personal name Tolstoy,Leo
245 ## - TITLE STATEMENT
Title War and peace /
Statement of responsibility, etc by Leo Tolstoy
260 ## - PUBLICATION, DISTRIBUTION, ETC. (IMPRINT)
Date of publication, distribution, etc 2016
Place of publication, distribution, etc New Delhi
Name of publisher, distributor, etc Fingere print Classics
270 ## - ADDRESS
Address 113/A,Darya Ganj,
City New Delhi
Postal code 110002
Telephone number 011-23246975,
Electronic mail address info@prakashooks./com
300 ## - PHYSICAL DESCRIPTION
Dimensions 22cm(pbk)
Extent 1232P.
650 ## - SUBJECT ADDED ENTRY--TOPICAL TERM
Topical term or geographic name as entry element Fiction
942 ## - ADDED ENTRY ELEMENTS (KOHA)
Item type English Books
Source of classification or shelving scheme Dewey Decimal Classification
Call number suffix TOL
Classification part N
Holdings
Withdrawn status Lost status Not for loan Collection code Home library Current library Date acquired Source of acquisition Cost, normal purchase price Full call number Barcode Copy number Cost, replacement price Koha item type
      Fiction Bawana Bawana 23/04/2018 DBAD/PUB 395.00 N TOL EN-106186 1 395.00 English Books

© Delhi Public Library
Hit Counter
free hit counter